Elements of mechanics of materials (Record no. 6596)

000 -LEADER
fixed length control field 00580nam a22002051 4500
001 - CONTROL NUMBER
control field 6129579
003 - CONTROL NUMBER IDENTIFIER
control field BD-DhUET
008 - FIXED-LENGTH DATA ELEMENTS--GENERAL INFORMATION
fixed length control field 730221s1966 njua b 000 0 eng
040 ## - CATALOGING SOURCE
Original cataloging agency DLC
Transcribing agency ODaWU
Modifying agency OCoLC
-- Uk
-- BD-DhUET
050 00 - LIBRARY OF CONGRESS CALL NUMBER
Classification number TA405
Item number .O37 1966
082 ## - DEWEY DECIMAL CLASSIFICATION NUMBER
Classification number 620.11
Item number OLS/1966
100 1# - MAIN ENTRY--PERSONAL NAME
Personal name Olsen, Gerner A.
245 10 - TITLE STATEMENT
Title Elements of mechanics of materials
Statement of responsibility, etc. by Gerner A. Olsen
250 ## - EDITION STATEMENT
Edition statement 2d ed.
260 ## - PUBLICATION, DISTRIBUTION, ETC. (IMPRINT)
Place of publication, distribution, etc. New Jersey
Name of publisher, distributor, etc. Prentice-Hall
Date of publication, distribution, etc. 1966
300 ## - PHYSICAL DESCRIPTION
Extent xxii, 591 p.
Other physical details illus.
Dimensions 24 cm.
504 ## - BIBLIOGRAPHY, ETC. NOTE
Bibliography, etc includes bibliographics
650 #0 - SUBJECT ADDED ENTRY--TOPICAL TERM
Topical term or geographic name as entry element Strength of materials
942 ## - ADDED ENTRY ELEMENTS (KOHA)
Koha item type General Book
Holdings
Damaged status Koha date last seen Koha normalized classification for sorting Piece designation (barcode) Copy number Koha item type Koha date last borrowed Not for loan Withdrawn status Koha issues (times borrowed) Koha full call number Shelving location Price effective from Date acquired Source of classification or shelving scheme Location (home branch) Lost status Sublocation or collection (holding branch)
 2014-12-04620_110000000000000_OLS_19662922128Contented Book     620.11 /OLS/1966Circulation section2014-12-042014-12-04 Central Library, BUET Central Library, BUET
 2018-12-04620_110000000000000_OLS_19662921623Contented Book 2018-11-20  1620.11 /OLS/1966Circulation section2014-12-042014-12-04 Central Library, BUET Central Library, BUET
 2022-10-01620_110000000000000_OLS_19662920613Contented Book 2022-08-29  1620.11/OLS/1966Circulation section2014-12-042014-12-04 Central Library, BUET Central Library, BUET
 2014-12-04620_110000000000000_OLS_1966198464Contented Book     620.11/OLS/1966Circulation section2014-12-042014-12-04 Central Library, BUET Central Library, BUET
 2022-07-23620_110000000000000_OLS_1966524061Contented Book 2022-06-20  1620.11/OLS/1966Circulation section2014-12-042014-12-04 Central Library, BUET Central Library, BUET
 2015-06-16620_110000000000000_OLS_1966139176Reading Item    620.11/OLS/1966Reading section2015-06-162015-06-16 Central Library, BUET Central Library, BUET
 2015-06-29620_110000000000000_OLS_1966292278Reading Item    620.11/OLS/1966Reading section2015-06-292015-06-29 Central Library, BUET Central Library, BUET